Ứng dụng phương pháp phần tử hữu hạn trong tính toán kết cấu /

Na minha lista:
Detalhes bibliográficos
Autor principal: Nguyễn, Hoài Sơn, TS
Formato: Livro
Idioma:Vietnamese
Publicado em: ĐHQG.HCM 2008
Tags: Adicionar Tag
Sem tags, seja o primeiro a adicionar uma tag!
Thư viện lưu trữ: Mạng thư viện Đại học Đà Nẵng
LEADER 00721nam a2200265 4500
001 000028405
003 ƯC
005 20150406120000.0
008 150406s vm 000 vie
020 |c 0,0000 
040 |a notts 
100 |a Nguyễn, Hoài Sơn, TS 
245 |a Ứng dụng phương pháp phần tử hữu hạn trong tính toán kết cấu /  |c Nguyễn Hoài Sơn chủ biên, Lê Thanh Phong, Mai Đức Đãi. 
260 |b ĐHQG.HCM  |c 2008 
OWN |a LTT 
999 |a From the UDN01 
TYP |a Monograph 
TYP |a Printed language 
980 |a Mạng thư viện Đại học Đà Nẵng